[Event "World Corporate East D"]
[Site "Chess.com INT"]
[Date "2021.02.20"]
[Round "4.11"]
[White "Zunino, Davide"]
[Black "Kirszenberg, Marc"]
[Result "1/2-1/2"]
[WhiteElo "1999"]
[BlackElo "2130"]
[PlyCount "74"]
[EventDate "2021.02.19"]
[EventType "team (rapid)"]
[EventRounds "7"]
[EventCountry "USA"]
[SourceTitle "EXT 2022"]
[Source "ChessBase"]
[SourceDate "2021.10.06"]
[SourceVersion "1"]
[SourceVersionDate "2021.10.06"]
[SourceQuality "1"]
[WhiteTeam "Reply Bayern"]
[BlackTeam "Carte Blanche Partenaires"]
[WhiteTeamCountry "GER"]
[BlackTeamCountry "FRA"]

1. d4 d5 2. Nf3 Nf6 3. e3 g6 4. Be2 Bg7 5. c4 c6 6. Nc3 0-0 7. 0-0 dxc4 8. Bxc4 Bg4 9. h3 Bxf3 10. Qxf3 Nbd7 11. Qe2 e5 12. dxe5 Nxe5 13. Bb3 Qd3 14. Rd1 Qxe2 15. Nxe2 Rfd8 16. Bd2 Ne4 17. Bc3 Nxc3 18. Nxc3 Nd3 19. Rab1 Nxb2 20. Rxd8+ Rxd8 21. Ne4 h6 22. Kf1 b5 23. Ke2 a5 24. a3 a4 25. Ba2 Kf8 26. Nc5 Ke7 27. g3 f5 28. Rc1 Be5 29. Rc2 Rb8 30. Na6 Rb6 31. Nb4 Kd6 32. Rd2+ Kc7 33. Rc2 Kd7 34. Rd2+ Ke7 35. Rc2 Kd7 36. Rd2+ Kc7 37. Rc2 Kd7 1/2-1/2

[Event "Torino 150 Italy Unity op"]
[Site "Torino"]
[Date "2011.06.02"]
[Round "4"]
[White "Pesce, Gabriele"]
[Black "Zunino, Davide"]
[Result "1/2-1/2"]
[WhiteElo "2185"]
[BlackElo "1987"]
[PlyCount "58"]
[EventDate "2011.05.31"]
[EventType "swiss"]
[EventRounds "9"]
[EventCountry "ITA"]
[SourceTitle "EXT 2014"]
[Source "ChessBase"]
[SourceDate "2013.11.20"]
[SourceVersion "1"]
[SourceVersionDate "2013.11.20"]
[SourceQuality "1"]

1. e4 e6 2. d4 d5 3. Nc3 Bb4 4. e5 Ne7 5. a3 Bxc3+ 6. bxc3 c5 7. h4 Qa5 8. Bd2 Nbc6 9. h5 h6 10. Nf3 c4 11. Be2 Bd7 12. 0-0 0-0-0 13. Nh4 g5 14. Nf3 Rdf8 15. Nh2 f5 16. exf6 Rxf6 17. Bg4 Rhf8 18. Qe2 Kb8 19. Bh3 Nf5 20. Ng4 R6f7 21. Ne5 Nxe5 22. Qxe5+ Qc7 23. Rae1 Qxe5 24. dxe5 Ba4 25. Rc1 Kc7 26. Bg4 Kd7 27. f3 Ke7 28. Rfe1 Rd8 29. Kf2 b6 1/2-1/2

[Event "Torino 150 Italy Unity op"]
[Site "Torino"]
[Date "2011.05.31"]
[Round "1"]
[White "Sorcinelli, Francesco"]
[Black "Zunino, Davide"]
[Result "1-0"]
[WhiteElo "2171"]
[BlackElo "1987"]
[PlyCount "83"]
[EventDate "2011.05.31"]
[EventType "swiss"]
[EventRounds "9"]
[EventCountry "ITA"]
[SourceTitle "EXT 2014"]
[Source "ChessBase"]
[SourceDate "2013.11.20"]
[SourceVersion "1"]
[SourceVersionDate "2013.11.20"]
[SourceQuality "1"]

1. Nf3 e6 2. e4 d5 3. Nc3 Nf6 4. e5 Nfd7 5. d4 c5 6. dxc5 Nc6 7. Bf4 Bxc5 8. Bd3 f6 9. exf6 Nxf6 10. 0-0 0-0 11. Ne5 a6 12. Qe2 Qe8 13. Rae1 Nh5 14. Bd2 Nf4 15. Bxf4 Rxf4 16. Bxh7+ Kxh7 17. Qd3+ g6 18. Qg3 Rf5 19. Nd3 Bd4 20. Ne2 Bg7 21. Nef4 Qf7 22. h4 Bh6 23. Nh3 b6 24. f4 Bd7 25. Qh2 Rh5 26. Ng5+ Bxg5 27. fxg5 Qg7 28. Rf6 Kh8 29. g4 Rh7 30. Ref1 Kg8 31. Nf4 Ne5 32. Nxe6 Bxe6 33. Qxe5 Re8 34. Qd6 Qe7 35. Rxg6+ Rg7 36. Rxg7+ Kxg7 37. Qe5+ Kh7 38. Rf6 Qg7 39. h5 Bf7 40. Qf5+ Kg8 41. h6 Qh7 42. Qxh7+ 1-0

[Event "Ivrea op 15th"]
[Site "Ivrea"]
[Date "2011.04.03"]
[Round "4"]
[White "Bardone, Lorenzo"]
[Black "Zunino, Davide"]
[Result "0-1"]
[WhiteElo "1789"]
[BlackElo "1990"]
[PlyCount "136"]
[EventDate "2011.04.01"]
[EventType "swiss"]
[EventRounds "5"]
[EventCountry "ITA"]
[SourceTitle "EXT 2024"]
[Source "ChessBase"]
[SourceDate "2023.10.10"]
[SourceVersion "1"]
[SourceVersionDate "2023.10.10"]
[SourceQuality "1"]

1. e4 e6 2. d4 d5 3. Nd2 Nc6 4. Ngf3 Nf6 5. e5 Nd7 6. c3 f6 7. Bb5 a6 8. Bxc6 bxc6 9. 0-0 fxe5 10. Nxe5 Nxe5 11. dxe5 Be7 12. Nf3 0-0 13. Nd4 Qd7 14. Qg4 c5 15. Bh6 Rf7 16. Nf3 Bb7 17. Bg5 Raf8 18. Bxe7 Qxe7 19. Ng5 Rf5 20. f4 h6 21. Nh3 d4 22. Rad1 Qd7 23. Rf2 d3 24. b3 a5 25. Qg6 Be4 26. Qg3 Qc6 27. Qe3 Rd8 28. Rfd2 Rf7 29. Re1 Bf5 30. Nf2 Rfd7 31. Red1 c4 32. g4 Bg6 33. f5 exf5 34. Qf4 fxg4 35. Qxg4 Re7 36. Qxc4+ Qxc4 37. bxc4 Rxe5 38. Nxd3 Rg5+ 39. Kf1 Bf7 40. Nb2 Rf8 41. Rf2 Be6 42. Rxf8+ Kxf8 43. Rd3 Ke7 44. Kf2 h5 45. Re3 Kd6 46. Re4 Bh3 47. Re2 Rg2+ 48. Ke3 Rxe2+ 49. Kxe2 Kc5 50. a4 g5 51. Kd3 Bf1+ 52. Ke4 Bxc4 53. Kf5 g4 54. Kg5 Bf7 55. Kf6 Be8 56. Ke7 Bc6 57. Kf6 Kd5 58. Kg5 Be8 59. Nd3 Bxa4 60. Kxh5 Bd7 61. Nf2 a4 62. Nd3 a3 63. Nb4+ Kc4 64. Na2 Kb3 65. Nc1+ Kb2 66. Nd3+ Kb1 67. Nb4 a2 68. Nxa2 Kxa2 0-1

[Event "Nichelino op 11th"]
[Site "Nichelino"]
[Date "2010.10.02"]
[Round "3"]
[White "Zunino, Davide"]
[Black "Araniti, Michelangelo"]
[Result "1-0"]
[WhiteElo "2001"]
[BlackElo "1774"]
[PlyCount "65"]
[EventDate "2010.09.30"]
[EventType "swiss"]
[EventRounds "6"]
[EventCountry "ITA"]
[SourceTitle "EXT 2024"]
[Source "ChessBase"]
[SourceDate "2023.10.10"]
[SourceVersion "1"]
[SourceVersionDate "2023.10.10"]
[SourceQuality "1"]

1. d4 e6 2. Bf4 d5 3. e3 Bd6 4. Bg3 Nf6 5. Bd3 Ne4 6. Nd2 f5 7. Ne2 c5 8. c3 c4 9. Bxe4 fxe4 10. Bxd6 Qxd6 11. Nf4 0-0 12. f3 exf3 13. Nxf3 Bd7 14. 0-0 Nc6 15. Qd2 Rf6 16. Rad1 Raf8 17. Qc2 b5 18. Ng5 g6 19. h4 Kg7 20. Nf3 Ne7 21. g4 Be8 22. Qh2 Kg8 23. Kg2 Nc6 24. Qh3 Bd7 25. h5 Qe7 26. hxg6 hxg6 27. Ne5 Be8 28. Rh1 Qg7 29. g5 Rxf4 30. exf4 Rf5 31. Ng4 Bf7 32. Nh6+ Kf8 33. Nxf5 1-0

[Event "Nichelino op"]
[Site "Nichelino"]
[Date "2008.10.03"]
[Round "2"]
[White "Zunino, Davide"]
[Black "Di Chiara, Mauro"]
[Result "1/2-1/2"]
[WhiteElo "1976"]
[BlackElo "1896"]
[PlyCount "58"]
[EventDate "2008.10.02"]
[EventType "swiss"]
[EventRounds "6"]
[EventCountry "ITA"]
[SourceTitle "CBM 126 Extra"]
[Source "ChessBase"]
[SourceDate "2008.11.05"]
[SourceVersion "1"]
[SourceVersionDate "2008.11.05"]
[SourceQuality "1"]

1. d4 d6 2. e4 Nf6 3. Nc3 c6 4. Nf3 g6 5. h3 Bg7 6. Be3 b5 7. Bd3 0-0 8. 0-0 Bb7 9. Qd2 Re8 10. Ne2 a6 11. Ng3 Nbd7 12. a4 c5 13. c3 c4 14. Bc2 d5 15. e5 Ne4 16. Bxe4 dxe4 17. Ng5 Nb6 18. axb5 axb5 19. N5xe4 Qd5 20. f3 f6 21. exf6 exf6 22. Bh6 Bh8 23. Qf4 f5 24. Nc5 Bc6 25. Na6 Qf7 26. Nb4 Nd5 27. Nxd5 Qxd5 28. Rfe1 Rxa1 29. Rxa1 b4 1/2-1/2

[Event "Piemonte-ch"]
[Site "Turin"]
[Date "2008.04.23"]
[Round "4"]
[White "Di Chiara, Mauro"]
[Black "Zunino, Davide"]
[Result "1-0"]
[WhiteElo "1823"]
[BlackElo "1986"]
[PlyCount "63"]
[EventDate "2008.04.20"]
[EventType "swiss"]
[EventRounds "9"]
[EventCountry "ITA"]
[SourceTitle "EXT 2011"]
[Source "ChessBase"]
[SourceDate "2010.11.26"]
[SourceVersion "1"]
[SourceVersionDate "2010.11.26"]
[SourceQuality "1"]

1. d4 Nf6 2. g3 e6 3. Nf3 b5 4. Bg2 Bb7 5. 0-0 c5 6. a4 b4 7. c4 Na6 8. b3 d5 9. Nbd2 Be7 10. Bb2 0-0 11. cxd5 exd5 12. dxc5 Nxc5 13. Nd4 Qd7 14. Rc1 Rac8 15. N2f3 Nce4 16. Ne5 Rxc1 17. Qxc1 Qc8 18. Nec6 Bc5 19. Qxc5 Nxc5 20. Ne7+ Kh8 21. Nxc8 Rxc8 22. Rc1 Nfe4 23. Bh3 Rd8 24. f3 Ng5 25. Bf5 Nge6 26. Nxe6 Nxe6 27. Bxe6 f6 28. Rc7 Ba6 29. Rxa7 Bxe2 30. Bxd5 h6 31. Ra8 Rxa8 32. Bxa8 1-0

[Event "Turin Piemonte op 7th"]
[Site "Turin"]
[Date "2007.06.24"]
[Round "5"]
[White "Martin, Tiziano"]
[Black "Zunino, Davide"]
[Result "1-0"]
[WhiteElo "2008"]
[BlackElo "1933"]
[PlyCount "73"]
[EventDate "2007.06.21"]
[EventType "swiss"]
[EventRounds "6"]
[EventCountry "ITA"]
[SourceTitle "EXT 2010"]
[Source "ChessBase"]
[SourceDate "2010.11.25"]
[SourceVersion "1"]
[SourceVersionDate "2010.11.25"]
[SourceQuality "1"]

1. d3 e5 2. c3 d5 3. Qc2 Nf6 4. e4 c6 5. Nf3 Bg4 6. Nxe5 Bh5 7. Be2 Bd6 8. Nf3 dxe4 9. dxe4 Qe7 10. Nbd2 Bg6 11. Bd3 Nbd7 12. 0-0 Nc5 13. Re1 0-0-0 14. Bc4 Nfxe4 15. Nxe4 Bxe4 16. Qe2 Rhe8 17. Be3 Qc7 18. Rad1 Ne6 19. g3 Nc5 20. Bxc5 Bxc5 21. Rxd8+ Qxd8 22. b4 Bb6 23. Bxf7 Re7 24. Ng5 Kc7 25. Ne6+ Rxe6 26. Bxe6 Bd3 27. Qe5+ Qd6 28. Qxd6+ Kxd6 29. Rd1 Kxe6 30. Rxd3 a5 31. Kf1 h6 32. Ke2 Bc7 33. f4 Bb6 34. Kf3 a4 35. c4 Bg1 36. h3 b5 37. c5 1-0

[Event "Turin Piemonte op 7th"]
[Site "Turin"]
[Date "2007.06.23"]
[Round "3"]
[White "Zunino, Davide"]
[Black "Sattanino, Andrea"]
[Result "1-0"]
[WhiteElo "1933"]
[BlackElo "1855"]
[PlyCount "47"]
[EventDate "2007.06.21"]
[EventType "swiss"]
[EventRounds "6"]
[EventCountry "ITA"]
[SourceTitle "EXT 2010"]
[Source "ChessBase"]
[SourceDate "2010.11.25"]
[SourceVersion "1"]
[SourceVersionDate "2010.11.25"]
[SourceQuality "1"]

1. d4 d5 2. Bf4 Nf6 3. e3 Bf5 4. c4 dxc4 5. Bxc4 e6 6. Nc3 a6 7. Nf3 Nbd7 8. 0-0 Be7 9. h3 h6 10. Qe2 0-0 11. e4 Bh7 12. e5 Ne8 13. d5 exd5 14. Bxd5 Nb6 15. Rfd1 Nxd5 16. Nxd5 Kh8 17. Nb6 Qb8 18. Nxa8 Qxa8 19. Rd7 Bc5 20. Qc4 Qa7 21. Bg3 Bg8 22. b4 Bb6 23. Qh4 c6 24. Qe7 1-0

[Event "Genova Primavera op 10th"]
[Site "Genova"]
[Date "2007.03.25"]
[Round "4"]
[White "Astengo, Marcello"]
[Black "Zunino, Davide"]
[Result "1/2-1/2"]
[WhiteElo "2072"]
[BlackElo "1917"]
[PlyCount "46"]
[EventDate "2007.03.23"]
[EventType "swiss"]
[EventRounds "5"]
[EventCountry "ITA"]
[SourceTitle "EXT 2008"]
[Source "ChessBase"]
[SourceDate "2007.11.25"]
[SourceVersion "1"]
[SourceVersionDate "2007.11.25"]
[SourceQuality "1"]

1. d4 Nf6 2. c4 e6 3. Nc3 Bb4 4. f3 d5 5. a3 Be7 6. e4 dxe4 7. fxe4 e5 8. d5 Bc5 9. Bg5 h6 10. Bh4 g5 11. Bg3 Bd4 12. Nf3 Bg4 13. Qa4+ Nbd7 14. Bxe5 Bxe5 15. Nxe5 Bh5 16. Bd3 0-0 17. Nxd7 Nxd7 18. 0-0 Ne5 19. Be2 Bxe2 20. Nxe2 Qd6 21. Rac1 Qc5+ 22. Kh1 Nd3 23. Ng3 Nxc1 1/2-1/2